Еще раз о классификации методов, процессов и способов разрушения горных пород при бурении скважин; Известия Томского политехнического университета [Известия ТПУ]; Т. 305, вып. 6 : Геология, поиски и разведка полезных ископаемых Сибири

Bibliografische gegevens
Parent link:Известия Томского политехнического университета [Известия ТПУ]/ Томский политехнический университет (ТПУ).— , 2000-
Т. 305, вып. 6 : Геология, поиски и разведка полезных ископаемых Сибири.— 2002.— [С. 381-387]
Hoofdauteur: Сулакшин С. С. Степан Степанович
Samenvatting:Заглавие с титульного листа
Электронная версия печатной публикации
В статье предлагается схема систематизации известных методов и способов разрушения горных пород при бурении скважин и их классификация по сопоставимым признакам: механизму разрушения породы, используемой энергии и средств или способов ее реализации.
Taal:Russisch
Gepubliceerd in: 2002
Reeks:Техника и технология геолого-разведочных работ
Onderwerpen:
Online toegang:http://www.lib.tpu.ru/fulltext/v/Bulletin_TPU/2002/v305/i6/32.pdf
Formaat: Elektronisch Hoofdstuk
KOHA link:https://koha.lib.tpu.ru/cgi-bin/koha/opac-detail.pl?biblionumber=166079

MARC

LEADER 00000nla2a2200000 4500
001 166079
005 20231031162112.0
035 |a (RuTPU)RU\TPU\book\180155 
035 |a RU\TPU\book\180153 
090 |a 166079 
100 |a 20090924d2002 k y0rusy50 ca 
101 0 |a rus 
102 |a RU 
135 |a drnn ---uucaa 
200 1 |a Еще раз о классификации методов, процессов и способов разрушения горных пород при бурении скважин  |f С. С. Сулакшин 
215 |a 1 файл (4.4 Мб) 
225 1 |a Техника и технология геолого-разведочных работ 
230 |a Электронные текстовые данные (1 файл : 4.4 Мб) 
300 |a Заглавие с титульного листа 
300 |a Электронная версия печатной публикации 
320 |a [Библиогр.: с. 386-387 (8 назв.)] 
330 |a В статье предлагается схема систематизации известных методов и способов разрушения горных пород при бурении скважин и их классификация по сопоставимым признакам: механизму разрушения породы, используемой энергии и средств или способов ее реализации. 
337 |a Adobe Reader 
461 1 |0 (RuTPU)RU\TPU\book\176237  |t Известия Томского политехнического университета [Известия ТПУ]  |f Томский политехнический университет (ТПУ)  |d 2000- 
463 1 |0 (RuTPU)RU\TPU\book\180006  |t Т. 305, вып. 6 : Геология, поиски и разведка полезных ископаемых Сибири  |o тематический выпуск  |v [С. 381-387]  |d 2002  |p 446 с. 
610 1 |a труды учёных ТПУ 
610 1 |a электронный ресурс 
610 1 |a горные породы 
610 1 |a классификационные методы 
610 1 |a классификационные процессы 
610 1 |a классификационные способы 
610 1 |a разрушения 
610 1 |a бурение 
610 1 |a скважины 
610 1 |a способы 
610 1 |a методы добычи 
610 1 |a метод разрушения пород 
610 1 |a классификация способов разрушения 
610 1 |a разработка 
700 1 |a Сулакшин  |b С. С.  |c российский геолог  |c Заслуженный профессор Томского политехнического университета  |f 1919-  |g Степан Степанович  |2 stltpush  |3 (RuTPU)RU\TPU\pers\13908 
801 1 |a RU  |b 63413507  |c 20090623  |g PSBO 
801 2 |a RU  |b 63413507  |c 20210420  |g PSBO 
856 4 |u http://www.lib.tpu.ru/fulltext/v/Bulletin_TPU/2002/v305/i6/32.pdf 
942 |c CF